000
00268nam a22001217a 4500
008
181011b xxu||||| |||| 00| 0 eng d
041
_a
eng
080
_a
201
100
_a
24
101
_a
TEO
245
_a
Research in Religion and Health
_c
Macy, J
942
_2
udc
_c
BK
999
_c
49455
_d
49455